| 000 | 00621nam a22001817a 4500 | ||
|---|---|---|---|
| 005 | 20150623122747.0 | ||
| 010 | _aENG-112864 | ||
| 020 |
_c595.00 _a9789350352694 |
||
| 035 | _aEN-96396 | ||
| 037 | _bDBAD/PUB | ||
| 082 | _a347.54012 | ||
| 245 |
_aJudicial activism in India : _cedited by Lokendra Malik _ba festschrift in honour of justice V.R. Krishna Iyer / |
||
| 260 |
_a Delhi _bUniversal Law Publishing _c2013 |
||
| 270 |
_aC-FF-1A, Dilkhush Industrial Estate G.T. Karnal Road, _bDelhi _e110033 |
||
| 300 |
_axl,391p. _c25cm(Hb) |
||
| 700 | _aMalik, Lokendra | ||
| 942 |
_2ddc _cEN _mJUD _h347.54012 |
||
| 999 |
_c93314 _d93314 |
||